000 00321nam a2200121Ia 4500
005 20251222141936.0
008 251222s9999||||xx |||||||||||||| ||spa||
082 _a351.009.85/K88
100 _aKuczynski, Pedro Pablo
245 0 _aDemocracia bajo Presión Económica:
264 _bTreintaitres y Mosca Azul
942 _cLIB
999 _c9189
_d9189